La France des années 1930 (notice n° 1568125)
[ vue normale ]
| 000 -LEADER | |
|---|---|
| fixed length control field | 01084cam a2200133 4500500 |
| 005 - DATE AND TIME OF LATEST TRANSACTION | |
| control field | 20251214004016.0 |
| 041 ## - LANGUAGE CODE | |
| Language code of text/sound track or separate title | fre |
| 042 ## - AUTHENTICATION CODE | |
| Authentication code | dc |
| 100 10 - MAIN ENTRY--PERSONAL NAME | |
| Personal name | Berstein, Serge |
| Relator term | author |
| 245 00 - TITLE STATEMENT | |
| Title | La France des années 1930 |
| 260 ## - PUBLICATION, DISTRIBUTION, ETC. | |
| Name of publisher, distributor, etc. | Armand Colin,<br/> |
| Date of publication, distribution, etc. | 2011.<br/> |
| 520 ## - SUMMARY, ETC. | |
| Summary, etc. | Serge Berstein est Professeur émérite des Universités à l’Institut d’Études Politiques de Paris et ancien directeur du Cycle supérieur d’Histoire du 20e siècle à l’IEP de Paris.1. Les Français des années 1930 2. La crise économique et sociale en France de 1930 à 19353. La crise politique dans la France des années 19304. La crise intellectuelle et morale de la France des années 19305. Une tentative de solution à la crise française : le Front populaire (1934-été 1936)6. L’échec du Front populaire et l’agonie de la IIIe République (automne 1936-automne 1939)7. La crise des politiques internationale et militaire et l’effondrement de la IIIe République |
| 856 41 - ELECTRONIC LOCATION AND ACCESS | |
| Uniform Resource Identifier | <a href="https://shs.cairn.info/la-france-des-annees-30--9782200248895?lang=fr&redirect-ssocas=7080">https://shs.cairn.info/la-france-des-annees-30--9782200248895?lang=fr&redirect-ssocas=7080</a> |
Pas d'exemplaire disponible.




Réseaux sociaux